[Event "18. Int. Boeblinger Open"]
[Site "Boeblingen"]
[Date "2001.12.28"]
[Round "5"]
[White "Maedler, Thomas"]
[Black "Franz, Gerhard"]
[Result "1-0"]
[WhiteElo "2266"]
[BlackElo "2141"]
[PlyCount "73"]
[EventDate "2001.12.??"]

1. c4 e5 2. Nc3 Nc6 3. g3 g6 4. Bg2 Bg7 5. Nf3 d6 6. O-O Nf6 7. d4 O-O 8. h3
exd4 9. Nxd4 Nxd4 10. Qxd4 Be6 11. Qd3 Qd7 12. Kh2 h6 13. e4 Nh7 14. Be3 Rae8
15. Rad1 Qd8 16. c5 dxc5 17. Qb5 c6 18. Qxc5 Qa8 19. e5 b6 20. Qxc6 Qxc6 21.
Bxc6 Rc8 22. Bd7 Rc7 23. Bxe6 fxe6 24. f4 Rfc8 25. Rd6 Kf7 26. Rfd1 Bf8 27.
Rd7+ Ke8 28. Rxc7 Rxc7 29. Nb5 Rb7 30. Kg2 Be7 31. Kf3 Nf8 32. b3 Nd7 33. Ke4
Nc5+ 34. Bxc5 Bxc5 35. Nd6+ Bxd6 36. exd6 Kd7 37. Ke5 1-0

[Event "18. Int. Boeblinger Open"]
[Site "Boeblingen"]
[Date "2001.12.28"]
[Round "5"]
[White "Grabarska, Barbara"]
[Black "Probst, Alexander"]
[Result "1-0"]
[WhiteElo "2240"]
[BlackElo "2133"]
[PlyCount "65"]
[EventDate "2001.12.??"]

1. e4 e5 2. Nf3 Nf6 3. d4 Nxe4 4. Bd3 d5 5. Nxe5 Bd6 6. O-O O-O 7. c4 Bxe5 8.
dxe5 Nc5 9. cxd5 b6 10. Bc2 c6 11. d6 f6 12. b4 Ne6 13. Bb2 Nd7 14. exf6 Nxf6
15. Qd3 Qd7 16. Nd2 a5 17. Nc4 Ba6 18. Bxf6 gxf6 19. Rfe1 Ra7 20. Qg3+ Qg7 21.
Nxb6 Qxg3 22. fxg3 Nd4 23. Bb3+ Kg7 24. bxa5 Be2 25. Kf2 Rxa5 26. Rxe2 Nxb3 27.
Rd1 Rb5 28. Nd7 Rd8 29. Re7+ Kg6 30. axb3 Rxb3 31. Nc5 Rb5 32. Ne6 Ra8 33. Nf4+
1-0

[Event "18. Int. Boeblinger Open"]
[Site "Boeblingen"]
[Date "2001.12.28"]
[Round "5"]
[White "Schaefer, Michael"]
[Black "Gerhardt, Peter-Michael"]
[Result "1/2-1/2"]
[WhiteElo "2234"]
[BlackElo "2122"]
[PlyCount "27"]
[EventDate "2001.12.??"]

1. d4 f5 2. Bg5 g6 3. e3 Nh6 4. c3 Nf7 5. Bh4 Bg7 6. Qb3 d5 7. Nd2 O-O 8. f4 c6
9. Ngf3 Nd7 10. Be2 Nf6 11. Ne5 Nd6 12. h3 Nde4 13. Nxe4 Nxe4 14. O-O-O 1/2-1/2

[Event "18. Int. Boeblinger Open"]
[Site "Boeblingen"]
[Date "2001.12.28"]
[Round "5"]
[White "Heinl, Thomas"]
[Black "Feger, Andreas"]
[Result "1-0"]
[WhiteElo "2213"]
[BlackElo "2044"]
[PlyCount "67"]
[EventDate "2001.12.??"]

1. e4 c5 2. Nf3 Nc6 3. d4 cxd4 4. Nxd4 Nf6 5. Nc3 e5 6. Ndb5 d6 7. Bg5 a6 8.
Na3 b5 9. Bxf6 gxf6 10. Nd5 Bg7 11. Bd3 Be6 12. c3 O-O 13. Nc2 f5 14. Nce3 fxe4
15. Bxe4 f5 16. Bc2 Nd4 17. cxd4 exd4 18. Nf4 Qa5+ 19. Kf1 Bc4+ 20. Nxc4 bxc4
21. Ne6 d3 22. Nxf8 dxc2 23. Qxc2 Kxf8 24. Qxc4 d5 25. Qd3 d4 26. g4 Rb8 27. b3
fxg4 28. h3 Qd5 29. Rg1 Rc8 30. Rxg4 Rc3 31. Qxh7 Qh1+ 32. Rg1 Qxh3+ 33. Qxh3
Rxh3 34. Rd1 1-0

[Event "18. Int. Boeblinger Open"]
[Site "Boeblingen"]
[Date "2001.12.28"]
[Round "5"]
[White "Kaiser, Elmar"]
[Black "Kampmann, Lutz"]
[Result "1-0"]
[WhiteElo "1957"]
[BlackElo "2199"]
[PlyCount "45"]
[EventDate "2001.12.??"]

1. e4 c5 2. Nc3 Nc6 3. f4 g6 4. Nf3 Bg7 5. Bb5 d6 6. Bxc6+ bxc6 7. O-O e6 8.
Qe1 Ne7 9. d3 O-O 10. Kh1 Ba6 11. b3 d5 12. e5 c4 13. dxc4 dxc4 14. Rf2 Qc7 15.
Ba3 Rfd8 16. Ne4 Nd5 17. Nfd2 c3 18. Nc4 Bxc4 19. bxc4 Qa5 20. cxd5 cxd5 21.
Qxc3 Qb6 22. Bc5 Qc6 23. Bd4 1-0

[Event "18. Int. Boeblinger Open"]
[Site "Boeblingen"]
[Date "2001.12.29"]
[Round "6"]
[White "Buhmann, Rainer"]
[Black "Farago, Ivan"]
[Result "1/2-1/2"]
[WhiteElo "2505"]
[BlackElo "2527"]
[PlyCount "41"]
[EventDate "2001.12.??"]

1. Nf3 Nf6 2. d4 e6 3. c4 b6 4. g3 Ba6 5. b3 Bb4+ 6. Bd2 Be7 7. Bg2 d5 8. Bc3
c6 9. Nbd2 Nbd7 10. O-O O-O 11. Re1 Bb7 12. Qc2 c5 13. Rac1 Rc8 14. dxc5 bxc5
15. e3 Qb6 16. Qb2 Rfd8 17. Red1 Nf8 18. Qa3 Ng6 19. Qa5 h6 20. Qxb6 axb6 21.
a4 1/2-1/2

[Event "18. Int. Boeblinger Open"]
[Site "Boeblingen"]
[Date "2001.12.29"]
[Round "6"]
[White "Horvath, Joszef"]
[Black "Joachim, Sven"]
[Result "1/2-1/2"]
[WhiteElo "2551"]
[BlackElo "2442"]
[PlyCount "42"]
[EventDate "2001.12.??"]

1. Nf3 Nf6 2. c4 g6 3. b3 Bg7 4. Bb2 O-O 5. g3 d6 6. Bg2 e5 7. O-O Re8 8. Nc3
c6 9. e3 d5 10. d4 e4 11. Ne5 Nbd7 12. cxd5 cxd5 13. f4 exf3 14. Qxf3 Nxe5 15.
dxe5 Rxe5 16. Nxd5 Rxd5 17. Bxf6 Bxf6 18. Qxd5 Qxd5 19. Bxd5 Bxa1 20. Rxa1 Be6
21. Bxe6 fxe6 1/2-1/2

[Event "18. Int. Boeblinger Open"]
[Site "Boeblingen"]
[Date "2001.12.29"]
[Round "6"]
[White "Jaracz, Pawel"]
[Black "Braeunlin, Klaus"]
[Result "1-0"]
[WhiteElo "2525"]
[BlackElo "2052"]
[PlyCount "55"]
[EventDate "2001.12.??"]

1. e4 c6 2. d3 d5 3. Nd2 e5 4. Ngf3 Qc7 5. g3 Nf6 6. Bg2 Bg4 7. O-O Be7 8. h3
Be6 9. Qe2 Nfd7 10. d4 f6 11. c4 dxc4 12. Nxc4 Nb6 13. Ne3 N8d7 14. b3 O-O 15.
Qc2 Rac8 16. Bb2 Rfe8 17. Rac1 Bd6 18. dxe5 Nxe5 19. Nd4 Qd7 20. f4 Bxh3 21.
fxe5 Bxe5 22. Rcd1 Bxd4 23. Rxd4 Qe6 24. Nf5 Bxg2 25. Qxg2 c5 26. Rd2 Qxe4 27.
Qxe4 Rxe4 28. Nd6 1-0

[Event "18. Int. Boeblinger Open"]
[Site "Boeblingen"]
[Date "2001.12.29"]
[Round "6"]
[White "Becking, Stephan"]
[Black "Schenk, Andreas"]
[Result "0-1"]
[WhiteElo "2302"]
[BlackElo "2443"]
[PlyCount "90"]
[EventDate "2001.12.??"]

1. Nf3 c5 2. e4 e6 3. d4 cxd4 4. Nxd4 Nc6 5. Nc3 Qc7 6. Be3 a6 7. Be2 Nf6 8.
O-O Bb4 9. f3 O-O 10. Kh1 Rd8 11. Nxc6 bxc6 12. Na4 Rb8 13. a3 Be7 14. Qe1 c5
15. Qf2 d6 16. b3 Nd7 17. Rad1 Bb7 18. Qg3 Bc6 19. Nxc5 Nxc5 20. Bxc5 Bxe4 21.
fxe4 Qxc5 22. Bd3 a5 23. a4 Bf8 24. Rf3 Rd7 25. Rdf1 g6 26. Bc4 Bg7 27. Qh4 Qe5
28. Rh3 h6 29. Rhf3 Rc7 30. Qg4 Re8 31. Qh4 Ree7 32. Qe1 Kh7 33. Bd3 Qc5 34.
Qh4 Qg5 35. Qf2 Be5 36. Qb6 Qd2 37. Qg1 Kg7 38. Rd1 Qg5 39. Rdf1 Bc3 40. Qf2
Qe5 41. Rh3 Bd4 42. Qd2 Qg5 43. Qe1 Rc5 44. Qc1 Rec7 45. Rg3 Qxg3 0-1

[Event "18. Int. Boeblinger Open"]
[Site "Boeblingen"]
[Date "2001.12.29"]
[Round "6"]
[White "Werner, Claus"]
[Black "Haub, Thorsten-Michael"]
[Result "0-1"]
[WhiteElo "2208"]
[BlackElo "2376"]
[PlyCount "89"]
[EventDate "2001.12.??"]

1. e4 g6 2. Nc3 Bg7 3. d4 d6 4. Be3 a6 5. Nf3 e6 6. Qd2 h6 7. g4 b5 8. g5 h5 9.
Nh4 Ne7 10. a4 b4 11. Ne2 a5 12. c3 bxc3 13. Nxc3 O-O 14. Rc1 d5 15. exd5 exd5
16. Be2 Bh3 17. Kd1 c5 18. Nb5 c4 19. Bf4 Nbc6 20. Re1 Nf5 21. Nxf5 Bxf5 22. b3
Nb4 23. bxc4 dxc4 24. Bxc4 Bg4+ 25. Be2 Be6 26. Bc4 Bxc4 27. Rxc4 Qd5 28. Qc3
Qf5 29. Be3 Qb1+ 30. Bc1 Qa2 31. Ba3 Qxf2 32. Bxb4 axb4 33. Rxb4 Qxh2 34. Qd2
Qg3 35. Re4 Rfc8 36. d5 Rxa4 37. Rxa4 Qb3+ 38. Ke1 Qb1+ 39. Ke2 Rc2 40. Reb4
Qc1 41. Qxc2 Qxc2+ 42. Ke3 Qc1+ 43. Ke2 Qxg5 44. d6 Bf8 45. Ra8 0-1

[Event "18. Int. Boeblinger Open"]
[Site "Boeblingen"]
[Date "2001.12.29"]
[Round "6"]
[White "Wippermann, Till"]
[Black "Peschel, Andreas"]
[Result "1-0"]
[WhiteElo "2321"]
[BlackElo "2202"]
[PlyCount "71"]
[EventDate "2001.12.??"]

1. e4 d5 2. exd5 Nf6 3. Bb5+ Bd7 4. Bc4 Bg4 5. f3 Bf5 6. Nc3 Nbd7 7. Qe2 Nb6 8.
Bb3 Nbxd5 9. Nxd5 Nxd5 10. Qb5+ c6 11. Qxb7 Rc8 12. Qxa7 e5 13. Ne2 Ra8 14. Qb7
Rc8 15. Qa7 Ra8 16. Qb7 Rc8 17. Ng3 Rc7 18. Qa6 Nb4 19. Qc4 Be6 20. Qc3 Bxb3
21. axb3 Be7 22. O-O O-O 23. d3 f5 24. Bd2 Rd7 25. Qc4+ Nd5 26. Ra6 c5 27. Re1
f4 28. Ne4 Kh8 29. Nxc5 Rc7 30. b4 Bh4 31. Rxe5 Ne3 32. Qe4 Qc8 33. Rh5 Nf5 34.
Rxf5 Re8 35. Re5 Rf8 36. Rh5 1-0

[Event "18. Int. Boeblinger Open"]
[Site "Boeblingen"]
[Date "2001.12.29"]
[Round "6"]
[White "Riedel, Holger"]
[Black "Maedler, Thomas"]
[Result "1-0"]
[WhiteElo "2181"]
[BlackElo "2266"]
[PlyCount "75"]
[EventDate "2001.12.??"]

1. d4 d6 2. c4 Nf6 3. Nc3 g6 4. e4 Bg7 5. f4 c5 6. d5 O-O 7. Nf3 e6 8. dxe6
Bxe6 9. Bd3 Nc6 10. O-O Bg4 11. Qe1 Re8 12. Qh4 Bxf3 13. Rxf3 Nd4 14. Rh3 Nh5
15. Qf2 Nf6 16. Bd2 a6 17. f5 Ng4 18. Qg3 h5 19. Rf1 b5 20. cxb5 axb5 21. fxg6
fxg6 22. Nxb5 Rxe4 23. Nxd6 Ne2+ 24. Bxe2 Rxe2 25. Qb3+ Kh7 26. Rxh5+ gxh5 27.
Qd3+ Kg8 28. Qd5+ Kh7 29. Qxh5+ Kg8 30. Qd5+ Kh7 31. Qd3+ Kg8 32. Qc4+ Kh7 33.
Qxe2 Bd4+ 34. Kh1 Nf2+ 35. Rxf2 Bxf2 36. Qh5+ Kg8 37. Qg6+ Kh8 38. Nf7# 1-0

[Event "18. Int. Boeblinger Open"]
[Site "Boeblingen"]
[Date "2001.12.29"]
[Round "6"]
[White "Hoeschele, Hans-Ulrich"]
[Black "Grabarska, Barbara"]
[Result "1-0"]
[WhiteElo "2176"]
[BlackElo "2240"]
[PlyCount "99"]
[EventDate "2001.12.??"]

1. Nf3 Nf6 2. c4 g6 3. d4 Bg7 4. Nc3 d5 5. cxd5 Nxd5 6. e4 Nxc3 7. bxc3 c5 8.
Be3 Nc6 9. Qd2 Qa5 10. Rc1 Bg4 11. d5 Rd8 12. Be2 O-O 13. h3 Bc8 14. O-O e6 15.
Rfd1 exd5 16. exd5 Ne5 17. Ng5 c4 18. Nf3 Nd3 19. Bxd3 Rxd5 20. Nd4 cxd3 21.
Qxd3 b6 22. Qc4 Bb7 23. Qc7 Ba8 24. Rd2 Rc5 25. Qe7 Rxc3 26. Rcd1 Qd5 27. Nf3
Qh5 28. Rd8 Rxe3 29. fxe3 Qc5 30. Rxf8+ Bxf8 31. Qxc5 bxc5 32. Rd7 a5 33. Ra7
Be4 34. Rxa5 c4 35. Ra4 Bd5 36. Kf2 c3 37. Nd4 f5 38. Ra7 f4 39. Rc7 fxe3+ 40.
Kxe3 Bxg2 41. h4 Bd5 42. a4 Bb4 43. Kd3 h6 44. Nc6 Bd6 45. Ne7+ Bxe7 46. Rxe7
Kf8 47. Rc7 g5 48. hxg5 hxg5 49. Kxc3 g4 50. Kd4 1-0

[Event "18. Int. Boeblinger Open"]
[Site "Boeblingen"]
[Date "2001.12.29"]
[Round "6"]
[White "Stiller, Juergen"]
[Black "Schafranietz, Sebastian"]
[Result "1/2-1/2"]
[WhiteElo "2165"]
[BlackElo "2234"]
[PlyCount "65"]
[EventDate "2001.12.??"]

1. d4 d5 2. Nf3 c5 3. c3 Nf6 4. Bg5 Ne4 5. Bf4 cxd4 6. cxd4 Nc6 7. e3 Qa5+ 8.
Nbd2 Bg4 9. Be2 e5 10. Nxe5 Nxe5 11. Bxe5 Nxd2 12. Bxg4 Nb3+ 13. Ke2 Nxa1 14.
h4 Bd6 15. Bxd6 Qa6+ 16. Qd3 Qxd6 17. Rxa1 O-O 18. Rc1 Qb6 19. b3 Rad8 20. Rc5
Rd6 21. Bf3 Rfd8 22. Qf5 Qa6+ 23. Ke1 Qxa2 24. Bxd5 Rf6 25. Qc2 Qxc2 26. Rxc2
Kf8 27. e4 Rfd6 28. Ke2 Rxd5 29. exd5 Rxd5 30. Kd3 Ke7 31. Rc7+ Rd7 32. Rc5 Rd6
33. Rc7+ 1/2-1/2

[Event "18. Int. Boeblinger Open"]
[Site "Boeblingen"]
[Date "2001.12.29"]
[Round "6"]
[White "Wartlick, Karl"]
[Black "Reljic, Radomir"]
[Result "1/2-1/2"]
[WhiteElo "2135"]
[BlackElo "2231"]
[PlyCount "115"]
[EventDate "2001.12.??"]

1. Nf3 c5 2. c4 g6 3. Nc3 Bg7 4. g3 Nf6 5. Bg2 O-O 6. O-O Nc6 7. d3 d5 8. cxd5
Nxd5 9. Qb3 Nc7 10. Ng5 Bd7 11. Qc4 b6 12. Qh4 h6 13. Nge4 Nd4 14. g4 e5 15.
Qxd8 Raxd8 16. g5 hxg5 17. Bxg5 f6 18. Bd2 b5 19. Nxc5 b4 20. Nd5 Nxe2+ 21. Kh1
Nxd5 22. Bxd5+ Kh7 23. Bxb4 Bg4 24. Be4 Rd4 25. f3 Rxb4 26. fxg4 Rc8 27. Nb3
Rc2 28. Rab1 Nd4 29. Nxd4 exd4 30. Rf3 Rbxb2 31. Rxb2 Rxb2 32. Bd5 Re2 33. g5
fxg5 34. Rf7 Re5 35. Bc4 a5 36. a4 Rf5 37. Ra7 Kh6 38. Kg2 Bf8 39. Bg8 g4 40.
Rh7+ Kg5 41. Rd7 Bc5 42. Be6 Re5 43. Rd5 Rxd5 44. Bxd5 Kf4 45. Bf7 g5 46. Be6
Ke3 47. Bf5 Bd6 48. Be4 Bf4 49. Bf5 Kd2 50. Be4 Kc2 51. Bf5 Kc3 52. Be4 Kb3 53.
Bc6 Kb4 54. Bd7 Kc3 55. Bf5 Kd2 56. Be4 Ke3 57. Bf5 Ke2 58. Be4 1/2-1/2

[Event "18. Int. Boeblinger Open"]
[Site "Boeblingen"]
[Date "2001.12.29"]
[Round "6"]
[White "Gritsch, Christoph"]
[Black "Kapic, Ibrahim"]
[Result "1-0"]
[WhiteElo "2127"]
[BlackElo "2227"]
[PlyCount "83"]
[EventDate "2001.12.??"]

1. e4 e5 2. Nf3 Nc6 3. Bc4 Nf6 4. d4 exd4 5. Ng5 Ne5 6. Bb3 h6 7. f4 hxg5 8.
fxe5 Nxe4 9. Bd5 Nc5 10. O-O Ne6 11. Qf3 Qe7 12. Na3 g4 13. Qf2 d6 14. exd6
Qxd6 15. Qxf7+ Kd8 16. Bxe6 Qxh2+ 17. Kf2 Qh4+ 18. Ke2 d3+ 19. cxd3 Bxe6 20.
Qxe6 Bd6 21. Qf5 Re8+ 22. Kd1 Re5 23. Qf7 Qg3 24. Rf2 Qxd3+ 25. Rd2 Qe4 26. Nc2
Rf5 27. Qg8+ Rf8 28. Qxf8+ Kd7 29. Qxg7+ Kc6 30. Qc3+ Kd7 31. Qd3 Qe5 32. Nd4
Qh2 33. Qf5+ Kd8 34. Qf6+ Kc8 35. Qe6+ Kd8 36. Qg8+ Kd7 37. Qxg4+ Kd8 38. Re2
Qh1+ 39. Kc2 Qh7+ 40. Qe4 Qg8 41. Bg5+ Kd7 42. Qf5+ 1-0

[Event "18. Int. Boeblinger Open"]
[Site "Boeblingen"]
[Date "2001.12.29"]
[Round "6"]
[White "Kaiser, Elmar"]
[Black "Heinl, Thomas"]
[Result "0-1"]
[WhiteElo "1957"]
[BlackElo "2213"]
[PlyCount "64"]
[EventDate "2001.12.??"]

1. e4 d6 2. d4 Nf6 3. Nc3 g6 4. f3 c6 5. Be3 Nbd7 6. Qd2 Qc7 7. Nge2 b5 8. g4
Bb7 9. Ng3 Nb6 10. Kf2 h5 11. gxh5 Nxh5 12. Be2 Bg7 13. Rag1 O-O-O 14. f4 Nf6
15. h4 Bh6 16. b3 b4 17. Nd1 c5 18. d5 e6 19. c4 exd5 20. exd5 Rde8 21. Bf3 Kb8
22. Qd3 Bc8 23. Bc1 Bg7 24. Bb2 Ng4+ 25. Bxg4 Bxb2 26. Nxb2 Bxg4 27. Nd1 Bxd1
28. Rxd1 Qe7 29. h5 Qf6 30. Qd2 Nd7 31. hxg6 fxg6 32. Ne4 Rxe4 0-1

[Event "18. Int. Boeblinger Open"]
[Site "Boeblingen"]
[Date "2001.12.29"]
[Round "6"]
[White "Kniest, Oliver"]
[Black "Bravo Lutz, Sebastian"]
[Result "1/2-1/2"]
[WhiteElo "2312"]
[BlackElo "2166"]
[PlyCount "34"]
[EventDate "2001.12.??"]

1. d4 Nf6 2. c4 g6 3. Nc3 Bg7 4. e4 d6 5. f4 O-O 6. Nf3 c6 7. Be2 Nbd7 8. e5
Ne8 9. h4 dxe5 10. fxe5 f6 11. h5 fxe5 12. dxe5 Qc7 13. hxg6 Nxe5 14. gxh7+ Kh8
15. Nxe5 Qxe5 16. Qd3 Nf6 17. O-O Bg4 1/2-1/2

[Event "18. Int. Boeblinger Open"]
[Site "Boeblingen"]
[Date "2001.12.29"]
[Round "6"]
[White "Dietrich, Ralf"]
[Black "Erlbeck, Peter"]
[Result "1/2-1/2"]
[WhiteElo "2270"]
[BlackElo "2131"]
[PlyCount "43"]
[EventDate "2001.12.??"]

1. e4 d5 2. Nc3 dxe4 3. Nxe4 Bf5 4. Ng3 Bg6 5. h4 h6 6. Nf3 Nf6 7. Ne5 Bh7 8.
Bc4 e6 9. Qf3 c6 10. c3 Nbd7 11. Nxd7 Qxd7 12. d4 Bd6 13. Bxh6 gxh6 14. Qxf6
Rg8 15. Nh5 Bf8 16. Qf4 Be7 17. Qxh6 Bg6 18. Nf4 O-O-O 19. O-O-O Bf5 20. Ne2
Rxg2 21. Qe3 Rg4 22. Bd3 1/2-1/2

[Event "18. Int. Boeblinger Open"]
[Site "Boeblingen"]
[Date "2001.12.29"]
[Round "6"]
[White "Gerhardt, Peter-Michael"]
[Black "Wohlfart, Paulus"]
[Result "0-1"]
[WhiteElo "2122"]
[BlackElo "2210"]
[PlyCount "36"]
[EventDate "2001.12.??"]

1. d4 f5 2. e4 fxe4 3. Nc3 Nf6 4. Bg5 Nc6 5. d5 Ne5 6. Bxf6 exf6 7. Nxe4 f5 8.
Ng3 g6 9. Qe2 Qe7 10. f4 Ng4 11. c4 Bg7 12. Rb1 b5 13. h3 Ne3 14. cxb5 O-O 15.
Nf3 Re8 16. a3 Bb7 17. Kd2 Qc5 18. Qd3 Nxd5 0-1

[Event "18. Int. Boeblinger Open"]
[Site "Boeblingen"]
[Date "2001.12.29"]
[Round "7"]
[White "Farago, Ivan"]
[Black "Jaracz, Pawel"]
[Result "1/2-1/2"]
[WhiteElo "2527"]
[BlackElo "2525"]
[PlyCount "30"]
[EventDate "2001.??.??"]

1. d4 Nf6 2. c4 g6 3. Nc3 d5 4. Nf3 Bg7 5. Qb3 dxc4 6. Qxc4 O-O 7. e4 Na6 8.
Be2 c5 9. d5 e6 10. O-O exd5 11. exd5 Bf5 12. Be3 Qb6 13. b3 Rfe8 14. Rad1 Rad8
15. Na4 Qa5 1/2-1/2

[Event "18. Int. Boeblinger Open"]
[Site "Boeblingen"]
[Date "2001.12.29"]
[Round "7"]
[White "Schenk, Andreas"]
[Black "Buhmann, Rainer"]
[Result "1/2-1/2"]
[WhiteElo "2443"]
[BlackElo "2505"]
[PlyCount "25"]
[EventDate "2001.??.??"]

1. d4 e6 2. c4 Nf6 3. Nc3 d5 4. Nf3 Nbd7 5. cxd5 exd5 6. Bg5 Be7 7. e3 O-O 8.
Bd3 Re8 9. Qc2 Nf8 10. O-O c6 11. Bxf6 Bxf6 12. b4 a6 13. a4 1/2-1/2

[Event "18. Int. Boeblinger Open"]
[Site "Boeblingen"]
[Date "2001.12.29"]
[Round "7"]
[White "Gasthofer, Alexander"]
[Black "Horvath, Joszef"]
[Result "1/2-1/2"]
[WhiteElo "2235"]
[BlackElo "2551"]
[PlyCount "24"]
[EventDate "2001.??.??"]

1. Nf3 g6 2. c4 Bg7 3. d4 c5 4. g3 cxd4 5. Nxd4 Nc6 6. Nxc6 bxc6 7. Bg2 Nf6 8.
Nc3 O-O 9. O-O Bb7 10. Qa4 Qc7 11. c5 Nd5 12. Bd2 Nxc3 1/2-1/2

[Event "18. Int. Boeblinger Open"]
[Site "Boeblingen"]
[Date "2001.12.29"]
[Round "7"]
[White "Joachim, Sven"]
[Black "Riedel, Holger"]
[Result "1-0"]
[WhiteElo "2442"]
[BlackElo "2181"]
[PlyCount "53"]
[EventDate "2001.??.??"]

1. e4 c5 2. Nf3 d6 3. d4 cxd4 4. Nxd4 Nf6 5. Nc3 a6 6. a4 e5 7. Nf3 Be7 8. Bg5
Nbd7 9. Bc4 b6 10. O-O Bb7 11. Qe2 O-O 12. Rfd1 Qc7 13. Nd2 Nc5 14. Bxf6 Bxf6
15. Bd5 Ne6 16. Bxb7 Qxb7 17. Nc4 Nd4 18. Qd3 Be7 19. Nd5 b5 20. Na5 Qa7 21. c3
Bd8 22. cxd4 Bxa5 23. axb5 Bd8 24. Rxa6 Qb8 25. Rda1 Rxa6 26. bxa6 Qxb2 27. Qa3
1-0

[Event "18. Int. Boeblinger Open"]
[Site "Boeblingen"]
[Date "2001.12.29"]
[Round "7"]
[White "Haub, Thorsten-Michael"]
[Black "Hoeschele, Hans-Ulrich"]
[Result "1-0"]
[WhiteElo "2376"]
[BlackElo "2176"]
[PlyCount "47"]
[EventDate "2001.??.??"]

1. Nf3 Nf6 2. g3 b6 3. Bg2 Bb7 4. d3 d5 5. O-O e6 6. Nbd2 Be7 7. e4 dxe4 8.
dxe4 O-O 9. Qe2 Nfd7 10. Rd1 Qc8 11. b3 a5 12. a3 Bf6 13. e5 Be7 14. Ne4 Nc6
15. Bb2 Rd8 16. Qe3 Nf8 17. Nf6+ gxf6 18. exf6 Rxd1+ 19. Rxd1 Ng6 20. fxe7
Ncxe7 21. h4 Nf5 22. Qg5 h6 23. Qf6 h5 24. Ng5 1-0

[Event "18. Int. Boeblinger Open"]
[Site "Boeblingen"]
[Date "2001.12.29"]
[Round "7"]
[White "Gheng, Josef"]
[Black "Gritsch, Christoph"]
[Result "1-0"]
[WhiteElo "2340"]
[BlackElo "2127"]
[PlyCount "69"]
[EventDate "2001.??.??"]

1. e4 e5 2. Nf3 d6 3. d4 exd4 4. Qxd4 Nc6 5. Bb5 Bd7 6. Bxc6 Bxc6 7. Bg5 Nf6 8.
Nc3 Be7 9. O-O-O O-O 10. e5 Ne8 11. Bxe7 Qxe7 12. Nd5 Qe6 13. Ng5 Qxe5 14. Qh4
h6 15. Nf3 Qe6 16. Rhe1 Qd7 17. Ne5 Qd8 18. Qxd8 Rxd8 19. Ne7+ Kh7 20. N7xc6
bxc6 21. Nxc6 Rd7 22. Rd4 Nf6 23. Ra4 Nd5 24. Rxa7 Nf4 25. Ra4 Ne6 26. b4 g5
27. Ra7 d5 28. a4 d4 29. Ne5 Rd6 30. g3 Kg7 31. Kd2 Rb8 32. b5 Kf6 33. Nd3 c5
34. Ne5 Rbd8 35. Rxf7# 1-0

[Event "18. Int. Boeblinger Open"]
[Site "Boeblingen"]
[Date "2001.12.29"]
[Round "7"]
[White "Heinl, Thomas"]
[Black "Wippermann, Till"]
[Result "1/2-1/2"]
[WhiteElo "2213"]
[BlackElo "2321"]
[PlyCount "56"]
[EventDate "2001.??.??"]

1. e4 c5 2. Nf3 d6 3. d4 cxd4 4. Nxd4 Nf6 5. Nc3 g6 6. Be3 Bg7 7. Be2 O-O 8.
O-O Nc6 9. Nb3 Be6 10. f4 Rc8 11. Kh1 Na5 12. f5 Bc4 13. e5 Bxe2 14. Qxe2 dxe5
15. Rad1 Qc7 16. Nb5 Qc4 17. Qxc4 Nxc4 18. Bxa7 Nxb2 19. Rb1 Nc4 20. fxg6 hxg6
21. Bc5 Nd5 22. Rfd1 Rfd8 23. Bg1 e4 24. Nc5 Nce3 25. Nxb7 Nxd1 26. Rxd1 Rd7
27. Nc5 Rdd8 28. Nb7 Rd7 1/2-1/2

[Event "18. Int. Boeblinger Open"]
[Site "Boeblingen"]
[Date "2001.12.29"]
[Round "7"]
[White "Schaefer, Michael"]
[Black "Kalinitschew, Sergej"]
[Result "0-1"]
[WhiteElo "2234"]
[BlackElo "2487"]
[PlyCount "72"]
[EventDate "2001.??.??"]

1. Nf3 Nf6 2. d4 g6 3. c4 Bg7 4. Nc3 O-O 5. e4 d6 6. Be2 e5 7. O-O exd4 8. Nxd4
Re8 9. f3 Nc6 10. Nc2 Nh5 11. g4 Nf6 12. Bg5 h6 13. Bh4 g5 14. Bf2 Ne5 15. Ne3
Ng6 16. Ng2 Nd7 17. h4 Nc5 18. h5 Nf4 19. Nxf4 gxf4 20. Qd2 Be5 21. Rad1 Ne6
22. c5 dxc5 23. Qxd8 Rxd8 24. Rxd8+ Nxd8 25. Bxc5 Ne6 26. Ba3 Nd4 27. Bc4 c6
28. Ne2 b5 29. Bd3 Be6 30. b3 a5 31. Bc5 Rd8 32. Nc1 a4 33. b4 Bc4 34. Kg2 Ne6
35. Rd1 Nxc5 36. bxc5 Bb2 0-1

[Event "18. Int. Boeblinger Open"]
[Site "Boeblingen"]
[Date "2001.12.29"]
[Round "7"]
[White "Braeunlin, Klaus"]
[Black "Fahnenschmidt, Gerhard"]
[Result "1-0"]
[WhiteElo "2052"]
[BlackElo "2281"]
[PlyCount "65"]
[EventDate "2001.??.??"]

1. Nf3 c5 2. e4 d6 3. Bb5+ Bd7 4. Bxd7+ Qxd7 5. c4 Nc6 6. d4 Qg4 7. d5 Qxe4+ 8.
Be3 Nb4 9. Qa4+ Kd8 10. O-O Nxd5 11. Ng5 Nb6 12. Nxf7+ Kc7 13. Qa5 Qxc4 14.
Nxh8 Nf6 15. Nd2 Qg8 16. Rac1 Rc8 17. b4 Kb8 18. bxc5 dxc5 19. Rxc5 e6 20. Bf4+
Ka8 21. Rxc8+ Nxc8 22. Qc7 Bd6 23. Bxd6 Nxd6 24. Qxd6 Qxh8 25. Rd1 Qc8 26. Nb3
Nd5 27. g3 a6 28. Rc1 Qe8 29. Re1 Qh5 30. Qxe6 Ka7 31. Qe5 Qf3 32. Qd4+ b6 33.
Qxg7+ 1-0

[Event "18. Int. Boeblinger Open"]
[Site "Boeblingen"]
[Date "2001.12.29"]
[Round "7"]
[White "Schafranietz, Sebastian"]
[Black "Wartlick, Karl"]
[Result "1-0"]
[WhiteElo "2234"]
[BlackElo "2135"]
[PlyCount "53"]
[EventDate "2001.??.??"]

1. e4 e6 2. d4 d5 3. Nd2 Nf6 4. e5 Nfd7 5. Bd3 c5 6. c3 Nc6 7. Ne2 cxd4 8. cxd4
f6 9. Nf4 Nxd4 10. Qh5+ Ke7 11. Ng6+ hxg6 12. exf6+ Nxf6 13. Qxh8 Kf7 14. Qh4
e5 15. Nf3 Nxf3+ 16. gxf3 Bf5 17. Bxf5 gxf5 18. Bg5 Qa5+ 19. Kf1 Be7 20. b4 Qa3
21. Kg2 Rd8 22. Rhe1 Ke6 23. Rxe5+ Kxe5 24. Re1+ Kd6 25. Qf4+ Kc6 26. Rxe7 Rd6
27. Qxf5 1-0

[Event "18. Int. Boeblinger Open"]
[Site "Boeblingen"]
[Date "2001.12.29"]
[Round "7"]
[White "Tabatt, Hendrik"]
[Black "Dietrich, Ralf"]
[Result "1-0"]
[WhiteElo "2111"]
[BlackElo "2270"]
[PlyCount "53"]
[EventDate "2001.??.??"]

1. d4 Nf6 2. Nf3 g6 3. c4 Bg7 4. g3 O-O 5. Bg2 d6 6. O-O Nbd7 7. Nc3 e5 8. e4
exd4 9. Nxd4 Re8 10. h3 Nc5 11. Re1 a5 12. Ndb5 Be6 13. e5 dxe5 14. Qxd8 Rexd8
15. Nxc7 Rac8 16. Nxe6 fxe6 17. Bg5 Nd3 18. Red1 Nxb2 19. Rxd8+ Rxd8 20. Rb1
Nxc4 21. Ne4 Rf8 22. Bxf6 Bxf6 23. Rxb7 Bd8 24. Bf1 Nb6 25. Nc5 Re8 26. Bb5 Be7
27. Nxe6 1-0

[Event "18. Int. Boeblinger Open"]
[Site "Boeblingen"]
[Date "2001.12.29"]
[Round "7"]
[White "Peschel, Andreas"]
[Black "Schnepel, Thomas"]
[Result "1-0"]
[WhiteElo "2202"]
[BlackElo "2025"]
[PlyCount "59"]
[EventDate "2001.??.??"]

1. d4 Nf6 2. Nf3 c5 3. e3 e6 4. Bd3 d5 5. b3 Nbd7 6. O-O Be7 7. Bb2 O-O 8. Ne5
Qc7 9. f4 b6 10. Rf3 Bb7 11. Nxd7 Qxd7 12. dxc5 bxc5 13. Bxf6 Bxf6 14. Bxh7+
Kxh7 15. Rh3+ Kg8 16. Qh5 Bh4 17. Rxh4 f5 18. Nd2 Rf6 19. Qh7+ Kf7 20. Nf3 Ke8
21. Ne5 Qe7 22. Qh8+ Qf8 23. Qh5+ Kd8 24. Qg5 Qg8 25. Rf1 Kc7 26. Rf3 d4 27.
Rg3 dxe3 28. Qxg7+ Qxg7 29. Rxg7+ Kb6 30. Nd7+ 1-0